Welcome to CU Library Online Public Access Catalogue (OPAC)

Organization theory : (Record no. 9102)

MARC details
000 -LEADER
fixed length control field 00816cam a22002534a 4500
001 - CONTROL NUMBER
control field 12611300
005 - DATE AND TIME OF LATEST TRANSACTION
control field 20260318162621.0
008 - FIXED-LENGTH DATA ELEMENTS--GENERAL INFORMATION
fixed length control field 011206s2003 njua b 001 0 eng
020 ## - INTERNATIONAL STANDARD BOOK NUMBER
International Standard Book Number 0130330647
020 ## - INTERNATIONAL STANDARD BOOK NUMBER
International Standard Book Number 9780130330642
050 00 - LIBRARY OF CONGRESS CALL NUMBER
Classification number HD31
Item number .H542 2003
082 00 - DEWEY DECIMAL CLASSIFICATION NUMBER
Classification number 658.4
Edition information 21
100 1# - MAIN ENTRY--PERSONAL NAME
Personal name Hodge, Billy J.
245 10 - TITLE STATEMENT
Title Organization theory :
Remainder of title a strategic approach /
Statement of responsibility, etc. B.J. Hodge, William P. Anthony, Lawrence M. Gales.
250 ## - EDITION STATEMENT
Edition statement 6th ed.
260 ## - PUBLICATION, DISTRIBUTION, ETC.
Place of publication, distribution, etc. Upper Saddle River, N.J. :
Name of publisher, distributor, etc. Prentice Hall,
Date of publication, distribution, etc. c2003.
300 ## - PHYSICAL DESCRIPTION
Extent xiv, 418 p. :
Other physical details ill. ;
Dimensions 26 cm.
650 #0 - SUBJECT ADDED ENTRY--TOPICAL TERM
Topical term or geographic name entry element Organization.
650 #0 - SUBJECT ADDED ENTRY--TOPICAL TERM
Topical term or geographic name entry element Management.
700 1# - ADDED ENTRY--PERSONAL NAME
Personal name Anthony, William P.
700 1# - ADDED ENTRY--PERSONAL NAME
Personal name Gales, Lawrence M.,
Dates associated with a name 1950-
856 41 - ELECTRONIC LOCATION AND ACCESS
Materials specified Table of contents
Uniform Resource Identifier <a href="http://www.loc.gov/catdir/toc/fy032/2001058794.html">http://www.loc.gov/catdir/toc/fy032/2001058794.html</a>
942 ## - ADDED ENTRY ELEMENTS (KOHA)
Source of classification or shelving scheme Library of Congress Classification
Koha item type Books
Edition 6th ed.
Suppress in OPAC No
999 ## -
-- 9102
-- 9102
Holdings
Withdrawn status Lost status Source of classification or shelving scheme Damaged status Not for loan Collection Home library Current library Shelving location Date acquired Total checkouts Full call number Barcode Date last seen Copy number Price effective from Koha item type
    Library of Congress Classification     Non-fiction Business Library (Miotso) Business Library (Miotso) General stacks 03/18/2026   HD31 .H542 2003 BSSM00002864 03/18/2026 1 03/18/2026 Books
    Library of Congress Classification     Non-fiction Business Library (Miotso) Business Library (Miotso) General stacks 03/18/2026   HD31 .H542 2003 BSSM00002865 03/18/2026 2 03/18/2026 Books
    Library of Congress Classification     Non-fiction Business Library (Miotso) Business Library (Miotso) General stacks 03/18/2026   HD31 .H542 2003 BSSM00002866 03/18/2026 3 03/18/2026 Books
© 2023-2024 Copyright: Central University Libraries. All Rights Reserved | Created by: Mahone Tech Office